| 000 | 00408nam a2200145Ia 4500 | ||
|---|---|---|---|
| 008 | 220214s9999 xx 000 0 und d | ||
| 022 | _a0307-9422 | ||
| 245 | 0 | _aPLASTICS AND RUBBER PROCESSING | |
| 260 |
_bThe Plastics and Rubber Institute, England _aUK |
||
| 310 | _a4y | ||
| 500 | _aEnding Volume & Year: 4, 1979 | ||
| 500 | _aMissing Volume: 3 | ||
| 500 | _aStarting Volume & Year: 1, 1976 | ||
| 942 | _cBJ | ||
| 999 |
_c6540 _d6540 |
||